The walled city / (Record no. 41045)

MARC details
000 -LEADER
fixed length control field 00533nam a22001937a 4500
005 - DATE AND TIME OF LATEST TRANSACTION
control field 20100811145031.0
010 ## - LCCN (DPL NO)
LC control number ENG-99545
020 ## - INTERNATIONAL STANDARD BOOK NUMBER
International Standard Book Number 9789380032467
Terms of availability 250.00
035 ## - SYSTEM CONTROL NUMBER
System control number EN-83077
037 ## - SOURCE OF ACQUISITION
Source of stock number/acquisition DBAD/PUB
082 ## - DEWEY DECIMAL CLASSIFICATION NUMBER
Classification number N
100 ## - MAIN ENTRY--PERSONAL NAME
Personal name David, Esther
245 ## - TITLE STATEMENT
Title The walled city /
Statement of responsibility, etc by Esther David
260 ## - PUBLICATION, DISTRIBUTION, ETC. (IMPRINT)
Place of publication, distribution, etc New Delhi
Name of publisher, distributor, etc Westlend
Date of publication, distribution, etc 2009
270 ## - ADDRESS
Address F-5, Okhla Industrial Area, Phase-1, Mezzanine Floor
City New Delhi
Postal code 110020
300 ## - PHYSICAL DESCRIPTION
Extent xi,200p.
Dimensions 20cm (pbk)
650 ## - SUBJECT ADDED ENTRY--TOPICAL TERM
Topical term or geographic name as entry element Novel
942 ## - ADDED ENTRY ELEMENTS (KOHA)
Source of classification or shelving scheme Dewey Decimal Classification
Item type English Books
Classification part N
Call number suffix DAV

No items available.


© Delhi Public Library
Hit Counter
free hit counter